000 00548nam a2200229 a 4500
001 nice12345678
003 IN_TiNIC
005 20260116012201.0
008 070619s1868 bada grp 000 0 urd
020 _a
_c100
082 0 0 _a891.51
_bHAL1
100 _aHali, Altaf Hussain
245 _aHayat-E-saadi
260 _aBadaun
_bNo Publisher
_c1868
300 _a256p
500 _aincludes index and biblioraphy
650 _aPersian Poetry-Saadi
700 1 _aHali, Altaf Hussain
902 _bSRS
942 _cBK
999 _c5981
_d5981